000 00425nam a2200169Ia 4500
008 090711s9999 xx 000 0 und d
082 _b53686
100 _aकाळे वैजयंती
245 _aतडा
260 _c1986
300 _a158
600 _aकाळे वैजयंती
630 _aतडा
700 _aकाळे वैजयंती
730 _aतडा
942 _cBOOK
999 _c302221
_d302221